The research process in nursing / (Record no. 11061)
[ view plain ]
| 000 -LEADER | |
|---|---|
| fixed length control field | 03782cam a22004814a 4500 |
| 001 - CONTROL NUMBER | |
| control field | 14107288 |
| 005 - DATE AND TIME OF LATEST TRANSACTION | |
| control field | 20071029083225.0 |
| 008 - FIXED-LENGTH DATA ELEMENTS--GENERAL INFORMATION | |
| fixed length control field | 050909s2006 enka b 001 0 eng |
| 010 ## - LIBRARY OF CONGRESS CONTROL NUMBER | |
| LC control number | 2005026464 |
| 015 ## - NATIONAL BIBLIOGRAPHY NUMBER | |
| National bibliography number | GBA590727 |
| Source | bnb |
| 016 7# - NATIONAL BIBLIOGRAPHIC AGENCY CONTROL NUMBER | |
| Record control number | 101256870 |
| Source | DNLM |
| 016 7# - NATIONAL BIBLIOGRAPHIC AGENCY CONTROL NUMBER | |
| Record control number | 013321368 |
| Source | Uk |
| 020 ## - INTERNATIONAL STANDARD BOOK NUMBER | |
| International Standard Book Number | 140513013X (pbk. : alk. paper) |
| 020 ## - INTERNATIONAL STANDARD BOOK NUMBER | |
| International Standard Book Number | 9781405130134 |
| 035 ## - SYSTEM CONTROL NUMBER | |
| System control number | (OCoLC)ocm61518286 |
| 040 ## - CATALOGING SOURCE | |
| Original cataloging agency | DNLM/DLC |
| Transcribing agency | DLC |
| Modifying agency | NLM |
| -- | BAKER |
| -- | UKM |
| -- | BWKUK |
| -- | DLC |
| 042 ## - AUTHENTICATION CODE | |
| Authentication code | pcc |
| 050 00 - LIBRARY OF CONGRESS CALL NUMBER | |
| Classification number | RT81.5 |
| Item number | .R465 2006 |
| 060 00 - NATIONAL LIBRARY OF MEDICINE CALL NUMBER | |
| Classification number | 2006 D-753 |
| 060 10 - NATIONAL LIBRARY OF MEDICINE CALL NUMBER | |
| Classification number | WY 20.5 |
| Item number | R4324 2006 |
| 082 00 - DEWEY DECIMAL CLASSIFICATION NUMBER | |
| Classification number | 610.73072 |
| Edition number | 22 |
| Item number | RES |
| 245 04 - TITLE STATEMENT | |
| Title | The research process in nursing / |
| Statement of responsibility, etc | edited by Kate Gerrish, Anne Lacey. |
| 250 ## - EDITION STATEMENT | |
| Edition statement | 5th ed. |
| 260 ## - PUBLICATION, DISTRIBUTION, ETC. (IMPRINT) | |
| Place of publication, distribution, etc | Oxford ; |
| -- | Malden, MA : |
| Name of publisher, distributor, etc | Blackwell Pub., |
| Date of publication, distribution, etc | 2006. |
| 300 ## - PHYSICAL DESCRIPTION | |
| Extent | xxv, 550 p. : |
| Other physical details | ill. ; |
| Dimensions | 25 cm. |
| 504 ## - BIBLIOGRAPHY, ETC. NOTE | |
| Bibliography, etc | Includes bibliographical references and index |
| 504 ## - BIBLIOGRAPHY, ETC. NOTE | |
| Bibliography, etc | Includes web resources. |
| 505 0# - FORMATTED CONTENTS NOTE | |
| Formatted contents note | Research and development in nursing / Kate Gerrish and Ann McMahon -- The research process / Anne Lacey -- Research ethics / Martin Johnson and Tony Long -- Sources of funding and support for research / Senga Bond and Anne Lacey -- User involvement in research / Gordon Grant and Paul Ramcharan -- Asking the right question / Gill Hek -- Finding the evidence / Claire Beecroft, Angie Rees and Andrew Booth -- Critical appraisal of the evidence / Andrew Booth -- Preparing a research proposal / Senga Bond and Kate Gerrish -- Gaining access to the research site / Amanda Hunn -- The quantitative-qualitative continuum / Annie Topping -- |
| 505 0# - FORMATTED CONTENTS NOTE | |
| Formatted contents note | Sampling / Sue Procter and Teresa Allan -- Grounded theory / Immy Holloway and Les Todres -- Ethnography / Immy Holloway and Les Todres -- Phenomenological research / Les Todres and Immy Holloway -- Experimental research / Andrea Nelson, Jo Dumville and David Torgerson -- Surveys / Hugh McKenna, Felicity Hasson and Sinead Keeney -- Action research / Julienne Meyer -- Evaluation research / Colin Robson -- Case study research / Charlotte Clarke and Jan Reed -- Systematic reviews and secondary research / Catherine Beverley, Mary Edmunds-Otter and Andrew Booth -- Interviewing / Angela Tod -- |
| 505 0# - FORMATTED CONTENTS NOTE | |
| Formatted contents note | Using focus groups / Claire Goodman and Catherine Evans -- Using questionnaires / Tricia Murphy-Black -- Using observation / Hazel Watson and Rosemary Whyte -- Physiological measurement / Mark Johnson and S. Jos�e Closs -- Qualitative analysis / Judith Lathlean -- Descriptive analysis of quantitative data / Jenny Freeman and Stephen Walters -- Examining relationships in quantitative data / Jenny Freeman and Stephen Walters -- Communicating and disseminating research / Kate Gerrish and Anne Lacey -- Evidence-based practice / Kate Gerrish -- Implementing evidence-based practice / Steve Campbell, Helen Hancock and Hilary Lloyd -- The future of nursing research / Ann McMahon and Anne Lacey. |
| 650 #0 - SUBJECT ADDED ENTRY--TOPICAL TERM | |
| Topical term or geographic name as entry element | Nursing |
| General subdivision | Research. |
| 650 12 - SUBJECT ADDED ENTRY--TOPICAL TERM | |
| Topical term or geographic name as entry element | Nursing Research |
| General subdivision | methods. |
| 650 22 - SUBJECT ADDED ENTRY--TOPICAL TERM | |
| Topical term or geographic name as entry element | Data Collection |
| General subdivision | methods. |
| 650 22 - SUBJECT ADDED ENTRY--TOPICAL TERM | |
| Topical term or geographic name as entry element | Research Design. |
| 700 1# - ADDED ENTRY--PERSONAL NAME | |
| Personal name | Gerrish, Kate, |
| Dates associated with a name | 1955- |
| 700 1# - ADDED ENTRY--PERSONAL NAME | |
| Personal name | Lacey, Anne. |
| 856 41 - ELECTRONIC LOCATION AND ACCESS | |
| Materials specified | Table of contents |
| Uniform Resource Identifier | <a href="http://www.loc.gov/catdir/toc/ecip0519/2005026464.html">http://www.loc.gov/catdir/toc/ecip0519/2005026464.html</a> |
| 856 42 - ELECTRONIC LOCATION AND ACCESS | |
| Materials specified | Contributor biographical information |
| Uniform Resource Identifier | <a href="http://www.loc.gov/catdir/enhancements/fy0802/2005026464-b.html">http://www.loc.gov/catdir/enhancements/fy0802/2005026464-b.html</a> |
| 856 42 - ELECTRONIC LOCATION AND ACCESS | |
| Materials specified | Publisher description |
| Uniform Resource Identifier | <a href="http://www.loc.gov/catdir/enhancements/fy0802/2005026464-d.html">http://www.loc.gov/catdir/enhancements/fy0802/2005026464-d.html</a> |
| 942 ## - ADDED ENTRY ELEMENTS (KOHA) | |
| Source of classification or shelving scheme | Dewey Decimal Classification |
| Item type | Book - Borrowing |
| Withdrawn status | Item status | Source of classification or shelving scheme | Damaged status | Not for loan | Vendor | Home library | Current library | Shelving location | Date acquired | Source of acquisition | Cost, normal purchase price | Serial Enumeration / chronology | Total Checkouts | Total Renewals | Full call number | Barcode | Date last seen | Date last borrowed | Koha item type |
|---|---|---|---|---|---|---|---|---|---|---|---|---|---|---|---|---|---|---|---|
| Dewey Decimal Classification | unknown | Central Library | Central Library | First floor | 15/03/2009 | 290.00 | 935 | 23 | 75 | 610.73072 RES NR | 000015426 | 15/07/2025 | 24/02/2020 | Book - Borrowing |